000 00920pam a2200277 a 4500
999 _c6599
_d6599
001 3871312
003 OSt
005 20200206100834.0
008 890721s1990 enka b 001 0 eng
010 _a 89016310
020 _a9780763752224
020 _a0763752223
_c$30.00
040 _aDLC
_cDLC
_dDLC
082 0 0 _a576.7LEW 2008.
100 1 _aLewin, Benjamin.
_99565
245 1 0 _aGenes Ix
_cBenjamin Lewin.
260 _aBoston.
_bJones and Bartlett Publishers.
_c2008
300 _axvii, 857 p. :
_bcol.ill ;
_c29 cm.
504 _aIncludes bibliographical references.
650 0 _aGenetics.
_9404
740 0 _aGenes four.
856 4 2 _3Publisher description
_uhttp://www.loc.gov/catdir/enhancements/fy0635/89016310-d.html
856 4 1 _3Table of contents only
_uhttp://www.loc.gov/catdir/enhancements/fy0635/89016310-t.html
906 _a7
_bcbc
_corignew
_d1
_eocip
_f19
_gy-gencatlg
942 _2ddc
_cO_SHELF